1788 1952 1882 1813 1999 1738 1668 1580 1438 1574 1031 1387 1641 1947 1833 1266 1770 1282 1488 1387 1813 1139 1401 1003 1152 1437 1357 1471 1873 1770 1879 1326 1254 1300 1703 1228 1812 1997 1087 1052 1577 1423 1312 1933 1311 1890 1739 1840 1824 1736 1826 1043 1332 1851 1039 1659 1391 1551 1976 1889 1186 1478 1995 1918 1456 1345 1618 1920 1428 1369 1673 1084 1109 1768 1119 1371 1434 1230 1166 1246 1801 1904 1979 1369 1593 1875 1767 1328 1595 1961 1752 1019 1181 1614 1397 1969 1450 1617 1695 BCNSPRNW ULIB Ver.6.0+V

เปลี่ยนเป็นภาษาไทย

Change to English
 แสดงรายละเอียดบรรณานุกรม
  กลับหน้าหลัก

Brief Record : Get Marc (ISO 2709) : E-mail record : QR code < ปิดหน้าต่าง
LEADER : 00000nam 2200000uu 4500
001    13399112295
003     ULIB
008    110627s2552||||th 000 0 tha d
020    9786110600088
090    นว.^bอ534ล 2552
100 0  อัณณรัก
245 00 ลิขิตลับ ชะตารัก/^cอัณณรัก
250    พิมพ์ครั้งที่ 2
260    กรุงเทพฯ :^bแจ่มใส,^c2552
300    171 หน้า
710 1  แจ่มใส
945    ^p189^l0^i027763
995    ทศพร
999 ^a ใช้งานได้ทุกระบบ
รายการนี้ยังไม่มีแท็ก
คุณยังไม่ได้ล็อกอิน คุณสามารถมีกิจกรรมร่วมกับเว็บไซต์ได้ แต่ต้องล็อกอินก่อน ::
  ล็อกอิน

รายการสื่อสารสนเทศ

ลำดับที่ ประเภท เลขเรียก/บาร์โค้ด สถานที่ สถานะ
- ไม่พบข้อมูล -

BibComment


ยังไม่เคยถูกคอมเมนท์

คอมเมนท์ทรัพยากรรายการนี้
  คอมเมนท์: ลิขิตลับ ชะตารัก ..


 Copyright 2026. Bcnsprnw @Library